01084nam a2200241Ia 4500003000900000008004100009020001800050040001600068080002300084111006700107245026800174260003700442300001500479490005100494650002200545650003000567650002500597700002700622700003200649942000700681999001700688952013700705IN-BaIIA211028s9999 xx 000 0 eng d a0-7923-4985-7 cIIA Library a52(082.1)bASS-229 aYohkoh Anniversary Symposiumn5thcJapand1996 Nov. 6-8921866 0aObservational plasma astrophysics-five years of Yohkoh and beyondbproceedings of the Yohkoh fifth anniversary symposium held in Yoyogi, Tokyo, Japan, 6-8 Nov 1996cedited by T. Watanabe, Kosugi T., A. C. Sterling  aDordrechtbKluwer Academicc1998 axii, 398p. aAstrophysics and space science library; v. 229 aAstrophysics9794 aPlasma astrophysics93786 aPlasma physics93732 aKosugi, T., ed.921867 aSterling, A. C., ed.921868 cBK c12491d12491 00104070aBANbBANcGENd1998-05-18g6118.20l0o52(082.1)/ ASS-229p13408r2021-11-05v6118.20w1998-05-18yBKGRs. 6118.20